00365nam a22001337a 450000500170000000800410001702000210005804100080007908200180008710000190010524500580012426000410018230000080022320180220154230.0160426b xxu||||| |||| 00| 0 eng d a978-81-8054686-0 aeng b00044a001.42 aTripathi, P.C. aA Textbook of Research Methodology in Social Sciences aNew DelhibSultan Chand & Sonsc2008 a364